Huntleys' shareholder.

Guardat en:
Dades bibliogràfiques
Nou títol:Morningstar shareholder
Títol anterior:Australian public companies guide
Autor corporatiu: Ian Huntley Pty. Ltd
Format: Revista
Idioma:English
Publicat: Sydney : Ian Huntley Pty Ltd, 1996-2007.
Matèries:
LEADER 03167cas a2200697 a 4500
001 c000395308
003 CARM
005 20131216135506.0
008 131216d19962007xnafr p r 0 a0eng d
019 1 |a 12399842  |5 LACONCORD2021 
022 |a 1326-8171 
022 |a 1038-4952 
022 |a 1326-8171  |y 1038-4952 
035 |a (OCoLC)53009593  |5 LACONCORD2021 
040 |a ANL-S  |b eng  |c ANL-S  |d VVUT  |d ANL  |d VSL  |d ANL 
042 |a anuc 
043 |a u-at--- 
050 0 0 |a HG5891  |b .H86 
082 0 4 |a 338.740994  |2 20 
210 0 |a Huntleys' sharehold 
222 0 |a Huntleys' shareholder 
245 0 0 |a Huntleys' shareholder. 
246 1 3 |a Australian financial review shareholder 
246 1 3 |a Shareholder 
260 |a Sydney :  |b Ian Huntley Pty Ltd,  |c 1996-2007. 
300 |a v. ;  |c 28 cm. 
310 |a Semiannual 
362 0 |a 9th ed. (1996)-27th ed. (2007) 
500 |a v.18 (2000)-v. 21 (2001) expanded to 3 volumes: v.1: top 500 companies -- v.2: 501-1000 companies -- v.3: 1001-1350 companies. 
500 |a From the 25th (2005) onwards accompanied by a CD-ROM. 
505 0 |a From 18th ed. (2000)- issued in 3 vols: -- v. 1. Top 500 companies -- v. 2. 501-1000 companies -- v. 3. 1000+ companies. 
515 |a Carries the numbering of: Australian financial review shareholder. 
580 |a Contains same material as published in: Australian financial review shareholder. 
650 0 |a Corporations  |z Australia  |v Handbooks, manuals, etc. 
650 0 |a Corporations  |z Australia  |v Periodicals. 
650 0 |a Corporations  |z Australia  |v Directories. 
650 0 |a Corporation reports  |z Australia  |v Periodicals. 
650 0 |a Stock exchanges  |z Australia  |v Periodicals. 
710 2 |a Ian Huntley Pty. Ltd. 
780 0 5 |t Australian public companies guide  |g 11th ed. (1997)- 
785 0 0 |t Morningstar shareholder 
787 1 |t Australian financial review shareholder  |x 1038-4952 
852 8 |b CARM  |p 0595934  |j 18th:1(2000)  |f SE 
852 8 |b CARM  |p 0595935  |j 18th:2(2000)  |f SE 
852 8 |b CARM  |p 0595936  |j 18th:3(2000)  |f SE 
852 8 |b CARM  |p 0595932  |j 21st:2(2001)  |f SE 
852 8 |b CARM  |p 0595933  |j 21st:3(2001)  |f SE 
852 8 |b SCAN  |h A3:AH20C0  |i F08753  |p 0595934  |f SE 
852 8 |b SCAN  |h A3:AH20C0  |i F08753  |p 0595935  |f SE 
852 8 |b SCAN  |h A3:AH20C0  |i F08753  |p 0595936  |f SE 
852 8 |b SCAN  |h A3:AH20C0  |i F08754  |p 0595932  |f SE 
852 8 |b SCAN  |h A3:AH20C0  |i F08754  |p 0595933  |f SE 
866 0 |a 18th:1(2000)-21st:3(2001) Inc. 
999 f f |i 3c3631b3-8ce5-52d0-ac51-8098da890b46  |s 7a49c0cf-17cf-5777-bb5e-bf517519c4bc 
952 f f |p Can circulate  |a CAVAL  |b CAVAL  |c CAVAL  |d CARM 1 Store  |i book  |k 18th:3(2000)  |m 0595936 
952 f f |p Can circulate  |a CAVAL  |b CAVAL  |c CAVAL  |d CARM 1 Store  |i book  |k 18th:2(2000)  |m 0595935 
952 f f |p Can circulate  |a CAVAL  |b CAVAL  |c CAVAL  |d CARM 1 Store  |i book  |k 21st:3(2001)  |m 0595933 
952 f f |p Can circulate  |a CAVAL  |b CAVAL  |c CAVAL  |d CARM 1 Store  |i book  |k 21st:2(2001)  |m 0595932 
952 f f |p Can circulate  |a CAVAL  |b CAVAL  |c CAVAL  |d CARM 1 Store  |i book  |k 18th:1(2000)  |m 0595934 
952 f f |a CAVAL  |b CAVAL  |c CAVAL  |d Unmapped Location  |e F08754  |f A3:AH20C0  |h Other scheme 
952 f f |a CAVAL  |b CAVAL  |c CAVAL  |d Unmapped Location  |e F08753  |f A3:AH20C0  |h Other scheme